Normal view
MARC view
- VINCENT,F.HOPPER
Entry Personal Name
001 - CONTROL NUMBER
- control field: 133167
003 - CONTROL NUMBER IDENTIFIER
- control field: NUST
005 - DATE AND TIME OF LATEST TRANSACTION
- control field: 20260212123556.0
008 - FIXED-LENGTH DATA ELEMENTS
- fixed length control field: 260212|| aca||aabn | a|a d
040 ## - CATALOGING SOURCE
- Original cataloging agency: NUST
- Transcribing agency: NUST
100 ## - HEADING--PERSONAL NAME
- Personal name: VINCENT,F.HOPPER
670 ## - SOURCE DATA FOUND
- Source citation: Work cat.: (NUST): VINCENT,F.HOPPER., AN INTERLINER TRANSLATION /, 1948.
